Основы управления персоналом (кадрами) в органах внутренних дел (Запись № 38182)

Подробности
000 -МАРКЕР
контрольное поле 01935nam1a2200337 i 4500
001 - ИДЕНТИФИКАТОР ЗАПИСИ
контрольное поле RU\NLR\bibl\316010
005 - ИДЕНТИФИКАТОР ВЕРСИИ
контрольное поле 20260607065544.0
035 ## - ДРУГИЕ СИСТЕМНЫЕ НОМЕРА
Идентификатор записи (NLR Aleph) 000311093
100 ## - ДАННЫЕ ОБЩЕЙ ОБРАБОТКИ
Данные общей обработки 20021008g20019999u y0rusy50 ca
101 0# - ЯЗЫК РЕСУРСА
Язык текста, звукозаписи и т.д. русский
102 ## - СТРАНА ПУБЛИКАЦИИ ИЛИ ПРОИЗВОДСТВА
Страна публикации Российская Федерация
105 ## - ПОЛЕ КОДИРОВАННЫХ ДАННЫХ: ТЕКСТОВЫЕ МАТЕРИАЛЫ, МОНОГРАФИЧЕСКИЕ
Кодированные данные о монографическом текстовом документе y |||||||||
200 1# - ЗАГЛАВИЕ И СВЕДЕНИЯ ОБ ОТВЕТСТВЕННОСТИ
Основное заглавие Основы управления персоналом (кадрами) в органах внутренних дел
Сведения, относящиеся к заглавию Учеб. пособие
-- В 2 ч.
Первые сведения об ответственности [Афоничкин, С.Н., Мухортов А.А., Рябов С.А. и др.]
Последующие сведения об ответственности Под ред. к.социол.н., доц. Михайлова В.И.
-- М-во внутрен. дел Рос. Федерации, Уфим. юрид. ин-т
210 ## - ПУБЛИКАЦИЯ, РАСПРОСТРАНЕНИЕ И ДР.
Место издания, распространения и т.д. УФА
Имя издателя, распространителя и т. д. УЮИ
Дата издания, распространения и т.д. 2001
215 ## - ФИЗИЧЕСКАЯ ХАРАКТЕРИСТИКА
Размеры 20
463 #0 - УРОВЕНЬ ФИЗИЧЕСКОЙ ЕДИНИЦЫ
Встроенное поле 001307183
463 #0 - УРОВЕНЬ ФИЗИЧЕСКОЙ ЕДИНИЦЫ
Встроенное поле 001307186
606 0# - НАИМЕНОВАНИЕ ТЕМЫ КАК ПРЕДМЕТ
Наименование темы Органы внутренних дел
Формальный подзаголовок Руководства, пособия и т.п.
Тематический подзаголовок Кадры
-- Управление
Географический подзаголовок Российская Федерация
Системный номер авторитетной/нормативной записи 2190384
Идентификатор авторитетной/нормативной записи RU\NLR\auth\661316733
606 0# - НАИМЕНОВАНИЕ ТЕМЫ КАК ПРЕДМЕТ
Наименование темы Органы внутренних дел
Формальный подзаголовок Учебные издания для высшей школы
Тематический подзаголовок Кадры
-- Управление
Географический подзаголовок Российская Федерация
Системный номер авторитетной/нормативной записи 2190384
Идентификатор авторитетной/нормативной записи RU\NLR\auth\661316733
686 ## - ИНДЕКСЫ ДРУГИХ КЛАССИФИКАЦИЙ
Индекс Х621.163.01я73
701 #1 - ИМЯ ЛИЦА - АЛЬТЕРНАТИВНАЯ ОТВЕТСТВЕННОСТЬ
Начальный элемент ввода Афоничкин
Часть имени, кроме начального элемента ввода С. Н.
Расширение инициалов личного имени Сергей Николаевич
Код отношения Автор
701 #1 - ИМЯ ЛИЦА - АЛЬТЕРНАТИВНАЯ ОТВЕТСТВЕННОСТЬ
Начальный элемент ввода Мухортов
Часть имени, кроме начального элемента ввода А. А.
Расширение инициалов личного имени Анатолий Александрович
Код отношения Автор
701 #1 - ИМЯ ЛИЦА - АЛЬТЕРНАТИВНАЯ ОТВЕТСТВЕННОСТЬ
Начальный элемент ввода Рябов Сергей Анатольевич
Код отношения Автор
702 #1 - ИМЯ ЛИЦА - ВТОРИЧНАЯ ОТВЕТСТВЕННОСТЬ
Код отношения Редактор
Графика поля Кириллица
Материалы, к которым относится поле rus
Начальный элемент ввода Михайлов
Часть имени, кроме начального элемента ввода В. И.
Дополнения к именам, кроме дат канд. социол. наук
Расширение инициалов личного имени Владимир Иванович
Системный номер авторитетной/нормативной записи 123552
Идентификатор авторитетной/нормативной записи RU\NLR\auth\7713870
712 02 - НАИМЕНОВАНИЕ ОРГАНИЗАЦИИ - ВТОРИЧНАЯ ОТВЕТСТВЕННОСТЬ
Код отношения Прочие
Начальный элемент ввода Уфимский юридический институт
Системный номер авторитетной/нормативной записи 424180
Идентификатор авторитетной/нормативной записи RU\NLR\AUTH\889963970
801 #0 - ИСТОЧНИК ЗАПИСИ
Страна Российская Федерация
Организация NLR
Дата составления 20021008
Правила каталогизации PSBO
801 #1 - ИСТОЧНИК ЗАПИСИ
Страна Российская Федерация
Организация NLR
Дата составления 20021008
852 ## - МЕСТОНАХОЖДЕНИЕ И ШИФР ХРАНЕНИЯ
Идентификатор организации NLR
Шифр хранения (Call Number) 2002-3/22074
942 ## - ДОПОЛНИТЕЛЬНЫЕ ЭЛЕМЕНТЫ ЗАПИСИ (АБИС)
Тип экземпляра АБИС Книга

Нет доступных экземпляров.